đź“–đź’¬ Paroles "Les deux Mulets" La Fontaine - Statistiques

Statistiques générales
  • Ce quiz a Ă©tĂ© pris 46 fois
  • Le rĂ©sultat moyen est 89 sur 146
Statistiques - réponses
Mots % Correct
Ă 
100%
au
100%
d'
100%
de
100%
Et
100%
et
100%
l'
100%
L'
100%
la
100%
lĂ ,
100%
le
100%
Le
100%
m'
100%
me
100%
Mulet
100%
N'
100%
n'
100%
se
100%
Se
100%
un
100%
ce
92%
Ce
92%
en
92%
Il
92%
il
92%
il,
92%
Mulets
92%
ne
92%
on
92%
pas
92%
pour
92%
qu'
92%
qui
92%
sa
92%
une
92%
Deux
85%
donc
85%
son
85%
tu
85%
Tu
85%
autre
77%
dit-
77%
dit
77%
j'
77%
je
77%
avait
69%
du
69%
Est-
69%
est
69%
lui
69%
moi
69%
moi,
69%
Sur
69%
ci
62%
Comme
62%
comme
62%
si
62%
Si
62%
Quand
54%
y
54%
avais
46%
chargé :
46%
charge
46%
belle,
38%
Celui-
38%
ĂŞtre
38%
haut
38%
serais
38%
avoir
31%
bon
31%
marchait
31%
toujours
31%
Ami,
23%
avoine
23%
eût
23%
promis ?
23%
suit,
23%
argent
15%
argent,
15%
défendant,
15%
voulait
15%
camarade,
8%
cheminaient ;
8%
coups,
8%
faisait
8%
Gabelle.
8%
jette,
8%
malade.
8%
Meunier,
8%
portant
8%
sonner
8%
soulagé.
8%
troupe
8%
arrĂŞte.
0%
beaucoup
0%
danger
0%
Emploi.
0%
ennemi
0%
fisc
0%
frein,
0%
gémit,
0%
glorieux
0%
percer
0%
péris.
0%
présentant,
0%
relevé,
0%
retire,
0%
saisit
0%
sent
0%
servi
0%
sonnette :
0%
soupire.
0%
tombe,
0%
voulut
0%
Aucun quiz correspondant
Distribution des résultats
% des personnes avec chaque résultat
Percentile par nombre de réponses
Votre historique - résultats
Vous n’avez pas pris ce quiz